00980nam a2200265 i 4500001000300000100002300003245008400026250001200110260003400122300002600156500013900182504002800321650003100349650002800380650001500408650002200423655003000445700002300475020001500498040000800513041001300521080004100534008004100575856009800616bg1 aBĘZA, Stanisław10aDeutsch im Büro und Geschäftsleben /cStanisław Bęza, Anke Kleinschmidt. aWyd. 2. aWarszawa :b"Poltext",c2000. a397, [1] s. ;c24 cm. aNa okł. podtyt.: "korespondencja handlowa, rozmowy kwalifikacyjne, raporty, prezentacje, telefonowanie, negocjacje, listy intencyjne. aBibliogr. s. 397-[398]. 9aBiurowośćxorganizacja 9aKorespondencja handlowa 9aNegocjacje 9aJęzyk niemiecki aPodręczniki akademickie1 aKLEINSCHMIDT, Anke a8385366911 cBPK0 agergpol a811.112.2(075.8):005.91:339.1(044.4) s pl f |000 0 pol  uhttp://koha.tu.koszalin.pl/cgi-bin/koha/opac-detail.pl?biblionumber=53415yKatalog online BPK